书目信息 |
| 题名: |
听房龙讲人类的故事
|
|
| 作者: | 房龙 著 ;逸凡 译 | |
| 分册: | ||
| 出版信息: | 南昌 江西人民出版社 2017 |
|
| 页数: | 342页 | |
| 开本: | 23cm | |
| 丛书名: | ||
| 单 册: | ||
| 中图分类: | K109 , Q98-49 | |
| 科图分类: | ||
| 主题词: | 世界史--shi jie shi--通俗读物 , 人类学--ren lei xue--通俗读物 | |
| 电子资源: | ||
| ISBN: | 978-7-210-09089-2 | |
| 000 | 01227cam0 2200313 450 | |
| 001 | 012001002292 | |
| 005 | 20131110134745.0 | |
| 010 | @a978-7-210-09089-2@dCNY42.80 | |
| 099 | @aCAL 012017090344 | |
| 100 | @a20170419d2017 em y0chiy50 ea | |
| 101 | 1 | @achi@ceng |
| 102 | @aCN@b360000 | |
| 105 | @aa z 000yy | |
| 106 | @ar | |
| 200 | 1 | @a听房龙讲人类的故事@Ating fang long jiang ren lei de gu shi@e人类简史@d= The story of mankind@f(美) 亨德里克·威廉·房龙著@g逸凡译@zeng |
| 210 | @a南昌@c江西人民出版社@d2017 | |
| 215 | @a342页@c图@d23cm | |
| 314 | @a亨德里克·威廉·房龙, 著名作家、历史学家和记者, 荷兰裔美国人。 | |
| 330 | @a本书主要内容包括: 人类历史舞台的形成 ; 人类最早的祖先 ; 史前人类 ; 尼罗河流域 ; 埃及的故事 ; 美索不达米亚 ; 苏美尔人 ; 摩西 ; 腓尼基人 ; 印欧人 ; 爱琴海 ; 古希腊人 ; 古希腊城市等。 | |
| 500 | 10 | @aStory of mankind@mChinese |
| 517 | 1 | @a人类简史@Aren lei jian shi |
| 606 | 0 | @a世界史@Ashi jie shi@j通俗读物 |
| 606 | 0 | @a人类学@Aren lei xue@j通俗读物 |
| 690 | @aK109@v5 | |
| 690 | @aQ98-49@v5 | |
| 701 | 1 | @a房龙@Afang long@g(Van Loon, Hendrik Willem),@f1882-1944@4著 |
| 702 | 0 | @a逸凡@Ayi fan@4译 |
| 801 | 0 | @aCN@b北京卓展@c20191020 |
| 905 | @b1205151-3@dK109@e316@f3 | |
| 听房龙讲人类的故事:人类简史= The story of mankind/(美) 亨德里克·威廉·房龙著/逸凡译.-南昌:江西人民出版社,2017 |
| 342页:图;23cm |
| ISBN 978-7-210-09089-2:CNY42.80 |
| 本书主要内容包括: 人类历史舞台的形成 ; 人类最早的祖先 ; 史前人类 ; 尼罗河流域 ; 埃及的故事 ; 美索不达米亚 ; 苏美尔人 ; 摩西 ; 腓尼基人 ; 印欧人 ; 爱琴海 ; 古希腊人 ; 古希腊城市等。 |
| ● |
| 相关链接 |
|
|
|
|
正题名:听房龙讲人类的故事
索取号:K109/316
 
预约/预借
| 序号 | 登录号 | 条形码 | 馆藏地/架位号 | 状态 | 备注 |
| 1 | 1205151 | 212051517 | 第二样本阅览室/ [索取号:K109/316] | 在馆 | |
| 2 | 1205152 | 212051526 | 第二借阅区/ [索取号:K109/316] | 在馆 | |
| 3 | 1205153 | 212051535 | 第二借阅区/ [索取号:K109/316] | 在馆 |